MARC details
| 000 -LEADER |
| fixed length control field |
01657naa a2200349 i 4500 |
| 003 - CONTROL NUMBER IDENTIFIER |
| control field |
EG-GICUC |
| 005 - DATE AND TIME OF LATEST TRANSACTION |
| control field |
20260121101428.0 |
| 008 - FIXED-LENGTH DATA ELEMENTS--GENERAL INFORMATION |
| fixed length control field |
251203s1934 us ||||fr|||||||1 | lat d |
| 040 ## - CATALOGING SOURCE |
| Original cataloging agency |
EG-GiCUC |
| Language of cataloging |
eng |
| Transcribing agency |
EG-GiCUC |
| Modifying agency |
EG-GiCUC |
| Description conventions |
rda |
| 082 04 - DEWEY DECIMAL CLASSIFICATION NUMBER |
| Edition number |
21 |
| Classification number |
341.22 |
| Item number |
WO. J |
| 092 04 - LOCALLY ASSIGNED DEWEY CALL NUMBER (OCLC) |
| Edition number |
21 |
| 099 ## - LOCAL FREE-TEXT CALL NUMBER (OCLC) |
| Classification number |
Law1 11 341.22 WO. J 1934 |
| 100 1# - MAIN ENTRY--PERSONAL NAME |
| Personal name |
Wolff, Christian, |
| Dates associated with a name |
1679-1754, |
| Relator term |
Author. |
| 245 12 - TITLE STATEMENT |
| Title |
Jus gentium methodo scientifica pertractatum. |
| Number of part/section of a work |
Volume One, |
| Name of part/section of a work |
A photographic reproduction of the edition of 1764 / |
| Statement of responsibility, etc. |
by Christian Wolff ; with an introduction by Otfried Nippold. |
| 264 #3 - PRODUCTION, PUBLICATION, DISTRIBUTION, MANUFACTURE, AND COPYRIGHT NOTICE |
| Place of production, publication, distribution, manufacture |
Oxford : |
| Name of producer, publisher, distributor, manufacturer |
The Clarendon University Press, |
| Date of production, publication, distribution, manufacture, or copyright notice |
1934. |
| 264 #1 - PRODUCTION, PUBLICATION, DISTRIBUTION, MANUFACTURE, AND COPYRIGHT NOTICE |
| Place of production, publication, distribution, manufacture |
London : |
| Name of producer, publisher, distributor, manufacturer |
Humphrey Milford, |
| Date of production, publication, distribution, manufacture, or copyright notice |
1934. |
| 300 ## - PHYSICAL DESCRIPTION |
| Extent |
Various paging ; |
| Other physical details |
Photograph, |
| Dimensions |
24 cm. |
| 336 ## - CONTENT TYPE |
| Source |
rda content |
| Content type term |
text |
| 337 ## - MEDIA TYPE |
| Source |
rda media |
| Media type term |
Computer |
| 338 ## - CARRIER TYPE |
| Source |
rda carrier |
| Carrier type term |
Online Resource |
| 490 0# - SERIES STATEMENT |
| Series statement |
The classics of international law. |
| 500 ## - GENERAL NOTE |
| General note |
Includes index |
| 500 ## - GENERAL NOTE |
| General note |
Text In Latin |
| 504 ## - BIBLIOGRAPHY, ETC. NOTE |
| Bibliography, etc. note |
Includes Bibliographic references<br/>Includes marginal notes (side-notes)<br/> |
| 505 ## - FORMATTED CONTENTS NOTE |
| Formatted contents note |
Volume I: A photographic reproduction of the edition of 1764, with an introduction by Otfried Nippold, a list of errata, and a portrait of Wolff.<br/><br/>Volume II: A translation of the text, by Joseph H. Drake, with a translation (by Francis J. Hemelt) of the introduction by Otfried Nippold, an index, and a portrait of Wolff. |
| 650 14 - SUBJECT ADDED ENTRY--TOPICAL TERM |
| Source of heading or term |
qrmak |
| General subdivision |
Public international law |
| Topical term or geographic name entry element |
League of Nations |
| 651 1# - SUBJECT ADDED ENTRY--GEOGRAPHIC NAME |
| Source of heading or term |
qrmak |
| 700 1# - ADDED ENTRY--PERSONAL NAME |
| Personal name |
Nippold, Otfried, |
| Relator term |
Contributor |
| Dates associated with a name |
1864-1938, |
| 856 40 - ELECTRONIC LOCATION AND ACCESS |
| Uniform Resource Identifier |
<a href="https://fll.law.cu.edu.eg/fulltext/bks/B11-05504.pdf">https://fll.law.cu.edu.eg/fulltext/bks/B11-05504.pdf</a> |
| 905 ## - Cataloger and Reviser Names |
| Cataloger Name: |
Rawan khaled |
| Revisor Name: |
Hassnaa |
| 942 ## - ADDED ENTRY ELEMENTS (KOHA) |
| Source of classification or shelving scheme |
Dewey Decimal Classification |
| Suppress in OPAC |
No |
| Koha item type |
Books |
| Edition |
21 |